000 00376nam a2200133Ia 4500
008 220214s9999 xx 000 0 und d
245 0 _aArecanut Journal
260 _bIndian Central Arecanut Committee, Calicut
_aIndia
310 _aQ
500 _aEnding Volume & Year: 16, 1965
500 _aMissing Volume: 44878
500 _aStarting Volume & Year: 10, 1959
942 _cBJ
999 _c1482
_d1482